Normal view MARC view
  • Yang, Bingen.

Entry Personal Name

Number of records used in: 2

001 - CONTROL NUMBER

  • control field: 28237

003 - CONTROL NUMBER IDENTIFIER

  • control field: NUST

005 - DATE AND TIME OF LATEST TRANSACTION

  • control field: 20200131145118.0

008 - FIXED-LENGTH DATA ELEMENTS

  • fixed length control field: 200131|| aca||aabn | a|a d

040 ## - CATALOGING SOURCE

  • Original cataloging agency: NUST
  • Transcribing agency: NUST

100 ## - HEADING--PERSONAL NAME

  • Personal name: Yang, Bingen.

670 ## - SOURCE DATA FOUND

  • Source citation: Work cat.: (NUST)0: Yang, Bingen., Stress, strain, and structural dynamics :, c2005.
© 2023 Central Library, National University of Sciences and Technology. All Rights Reserved.